দুর্দিনের দিনলিপি / (Record no. 6017)
[ view plain ]
| 000 -LEADER | |
|---|---|
| fixed length control field | 00600nam a22001817a 4500 |
| 003 - CONTROL NUMBER IDENTIFIER | |
| control field | BUBTL |
| 008 - FIXED-LENGTH DATA ELEMENTS--GENERAL INFORMATION | |
| fixed length control field | 190504b xxu||||| |||| 00| 0 eng d |
| 020 ## - INTERNATIONAL STANDARD BOOK NUMBER | |
| International Standard Book Number | 984-458-253-9 |
| 082 ## - DEWEY DECIMAL CLASSIFICATION NUMBER | |
| Classification number | 891.444 / FAD |
| 100 ## - MAIN ENTRY--PERSONAL NAME | |
| 9 (RLIN) | 2317 |
| Personal name | ফজল, আবুল |
| 245 ## - TITLE STATEMENT | |
| Title | দুর্দিনের দিনলিপি / |
| Statement of responsibility, etc. | আবুল ফজল |
| 260 ## - PUBLICATION, DISTRIBUTION, ETC. (IMPRINT) | |
| Place of publication, distribution, etc. | ঢাকা : |
| Name of publisher, distributor, etc. | সময় প্রকাশন, |
| Date of publication, distribution, etc. | c2001 |
| 300 ## - PHYSICAL DESCRIPTION | |
| Extent | 143 p. : |
| Dimensions | 22 cm. |
| 650 #0 - SUBJECT ADDED ENTRY--TOPICAL TERM | |
| 9 (RLIN) | 1689 |
| Topical term or geographic name as entry element | বাংলা সাহিত্য |
| 856 ## - ELECTRONIC LOCATION AND ACCESS | |
| Password | 0 |
| Logon | 0 |
| Link text | Download |
| 942 ## - ADDED ENTRY ELEMENTS (KOHA) | |
| Source of classification or shelving scheme | |
| Koha item type | Books |
| Withdrawn status | Lost status | Source of classification or shelving scheme | Damaged status | Not for loan | Collection code | Permanent location | Current location | Shelving location | Date acquired | Inventory number | Total Checkouts | Full call number | Barcode | Date last seen | Copy number | Price effective from | Koha item type |
|---|---|---|---|---|---|---|---|---|---|---|---|---|---|---|---|---|---|
| Fiction | Bangladesh University of Business and Technology Library | Bangladesh University of Business and Technology Library | Fiction | 01/31/2015 | 20047 | 891.444 / FAD | BUBTL-200320047 | 05/04/2019 | C-1 | 05/04/2019 | Books | ||||||
| Fiction | Bangladesh University of Business and Technology Library | Bangladesh University of Business and Technology Library | Fiction | 02/11/2015 | 20143 | 891.444 / FAD | BUBTL-200320143 | 05/04/2019 | C-2 | 05/04/2019 | Books | ||||||
| Fiction | Bangladesh University of Business and Technology Library | Bangladesh University of Business and Technology Library | Fiction | 10/30/2016 | 22864 | 891.444 / FAD | BUBTL-200322864 | 05/04/2019 | C-3 | 05/04/2019 | Books | ||||||
| Fiction | Bangladesh University of Business and Technology Library | Bangladesh University of Business and Technology Library | Fiction | 10/30/2016 | 22863 | 891.444 / FAD | BUBTL-200322863 | 11/02/2019 | C-4 | 11/02/2019 | Books |
